| 000 | 00728nam a2200205 4500 | ||
|---|---|---|---|
| 001 | 117231 | ||
| 003 | ES-MaACL | ||
| 005 | 20230906190843.0 | ||
| 007 | t| | ||
| 008 | 070301s1980 sp r ||||1| spa d | ||
| 100 | 1 |
_aPastor de Togneri, Reyna. _989502 |
|
| 245 | 1 | 0 |
_aResistencias y luchas campesinas en la época del crecimiento y consolidación de la formación feudal _b: Castillas y León, siglos X-XIII / _cpor Reyna Pastor de Togneri. |
| 250 | _a[1ª ed.]. | ||
| 260 |
_aMadrid : _bSiglo Veintiuno, _c1980. |
||
| 300 |
_a290 p. ; _c20 cm. |
||
| 490 | 1 | _aHistoria de los movimientos sociales | |
| 830 | 0 |
_aHistoria de los movimientos sociales _9180737 |
|
| 852 |
_aES-MaACL _jL-532 _bR.101238 |
||
| 999 |
_c117231 _d117231 |
||